[Event "EU-ch Amateur U2300"]
[Site "Zagreb"]
[Date "2022.08.21"]
[Round "9"]
[White "Baric, Marko"]
[Black "Kanizaj, Benjamin"]
[Result "1-0"]
[WhiteElo "1948"]
[BlackElo "2050"]
[PlyCount "77"]
[EventDate "2022.08.14"]
[EventType "swiss"]
[EventRounds "9"]
[EventCountry "CRO"]
[SourceTitle "CBM 210 Extra"]
[Source "ChessBase"]
[SourceDate "2022.11.30"]
[SourceVersion "1"]
[SourceVersionDate "2022.11.30"]
[SourceQuality "1"]

1. e4 c5 2. Nf3 d6 3. Bb5+ Bd7 4. Bxd7+ Qxd7 5. 0-0 Nf6 6. Qe2 Nc6 7. Rd1 e6 8. d4 cxd4 9. Nxd4 Be7 10. c4 0-0 11. Nc3 a6 12. b3 Rfd8 13. Nxc6 Qxc6 14. Bb2 Rac8 15. Rd4 Ne8 16. a4 Bf6 17. Rd3 Qb6 18. Qc2 Qc6 19. Rad1 Bxc3 20. Rxc3 Nf6 21. f3 Nd7 22. Kh1 a5 23. Qd2 Nc5 24. Ba3 Qb6 25. Bxc5 Qxc5 26. Rd3 Rc6 27. h3 h6 28. f4 f6 29. f5 Qe5 30. fxe6 Qxe6 31. Qxa5 Re8 32. Qd5 Kf8 33. Kg1 Qe7 34. Qf5 Qf7 35. Rxd6 g6 36. Qf4 Re5 37. Qxh6+ Kg8 38. Rd8+ Re8 39. R1d7 1-0

[Event "EU-ch Amateur U2300"]
[Site "Zagreb"]
[Date "2022.08.18"]
[Round "6"]
[White "Kanizaj, Benjamin"]
[Black "Korov, Zvonko"]
[Result "1-0"]
[WhiteElo "2050"]
[BlackElo "2015"]
[PlyCount "91"]
[EventDate "2022.08.14"]
[EventType "swiss"]
[EventRounds "9"]
[EventCountry "CRO"]
[SourceTitle "CBM 210 Extra"]
[Source "ChessBase"]
[SourceDate "2022.11.30"]
[SourceVersion "1"]
[SourceVersionDate "2022.11.30"]
[SourceQuality "1"]

1. e4 c5 2. Nf3 e6 3. d4 cxd4 4. Nxd4 a6 5. Nc3 Qc7 6. a3 Nf6 7. Be3 b5 8. Bd3 Bb7 9. 0-0 Nc6 10. Kh1 Be7 11. f4 Nxd4 12. Bxd4 0-0 13. e5 Ne8 14. Be4 g6 15. Qf3 Rb8 16. Ba7 Bxe4 17. Bxb8 Bxf3 18. Bxc7 Bxg2+ 19. Kxg2 Nxc7 20. Rfd1 Rd8 21. Rd3 Kf8 22. Rad1 Ke8 23. Kf3 f5 24. Rc1 Na8 25. b4 Nb6 26. Nb1 Rc8 27. Nd2 g5 28. c4 g4+ 29. Kg3 h5 30. Rdc3 h4+ 31. Kg2 Na4 32. R3c2 Nb6 33. cxb5 Rxc2 34. Rxc2 axb5 35. Nb3 Nd5 36. Rc8+ Kf7 37. Nd4 Nxf4+ 38. Kf1 Nd3 39. Nxb5 Nxe5 40. Nd4 f4 41. b5 h3 42. b6 g3 43. hxg3 fxg3 44. b7 Ng4 45. b8Q e5 46. Qb3+ 1-0

[Event "CRO Topla Voda Cup"]
[Site "Tuhovec"]
[Date "2022.08.06"]
[Round "2.2"]
[White "Kanizaj, Benjamin"]
[Black "Makaj, Nikola"]
[Result "1-0"]
[WhiteElo "1998"]
[BlackElo "1959"]
[PlyCount "65"]
[EventDate "2022.08.06"]
[EventType "team-tourn (blitz)"]
[EventRounds "11"]
[EventCountry "CRO"]
[SourceTitle "CBM 209 Extra"]
[Source "ChessBase"]
[SourceDate "2022.09.30"]
[SourceVersion "1"]
[SourceVersionDate "2022.09.30"]
[SourceQuality "1"]
[WhiteTeam "Strigova Stridon II"]
[BlackTeam "Varazdin"]
[WhiteTeamCountry "CRO"]
[BlackTeamCountry "CRO"]

1. e4 b6 2. d4 Bb7 3. Bd3 e6 4. f4 d5 5. Nc3 Bb4 6. e5 Ba6 7. Nf3 Bxd3 8. Qxd3 Bxc3+ 9. bxc3 Ne7 10. 0-0 g6 11. Ba3 0-0 12. h3 Nd7 13. Bxe7 Qxe7 14. Nh2 c5 15. Ng4 cxd4 16. cxd4 Rac8 17. c3 Rc4 18. Ne3 Rc7 19. c4 dxc4 20. Nxc4 Rd8 21. Nd6 Nb8 22. Rac1 Rxd6 23. exd6 Qxd6 24. Rxc7 Qxc7 25. d5 Qc5+ 26. Kh1 exd5 27. Rd1 Nc6 28. Qxd5 Qc2 29. Qd2 Qc5 30. Qb2 Qh5 31. Rd6 Qc5 32. Qf6 Ne7 33. Rd7 1-0

[Event "CRO-chT U20 29th"]
[Site "Cakovec"]
[Date "2020.07.19"]
[Round "11.5"]
[White "Dumancic, Simun"]
[Black "Kanizaj, Benjamin"]
[Result "0-1"]
[WhiteElo "1920"]
[BlackElo "1983"]
[PlyCount "104"]
[EventDate "2020.07.14"]
[EventType "team-tourn"]
[EventRounds "11"]
[EventCountry "CRO"]
[SourceTitle "CBM 197 Extra"]
[Source "ChessBase"]
[SourceDate "2020.09.30"]
[SourceVersion "1"]
[SourceVersionDate "2020.09.30"]
[SourceQuality "1"]
[WhiteTeam "Sesvete Agroproteinka U20"]
[BlackTeam "Strigova Stridon U20"]
[WhiteTeamCountry "CRO"]
[BlackTeamCountry "CRO"]

1. e4 c5 2. Nf3 d6 3. d4 cxd4 4. Qxd4 Nc6 5. Bb5 Bd7 6. Bxc6 Bxc6 7. Nc3 e6 8. Bg5 Nf6 9. 0-0-0 Be7 10. Rhe1 0-0 11. e5 Nd5 12. Bxe7 Qxe7 13. exd6 Qxd6 14. Ne4 Qc7 15. Ne5 Rac8 16. Nxc6 Qxc6 17. Re2 Qa6 18. Red2 Qxa2 19. b3 Qxb3 20. Qb2 Qxb2+ 21. Kxb2 Rc4 22. Rd4 Rfc8 23. Rxc4 Rxc4 24. Nd6 Rc6 25. Ne4 g6 26. g4 Rc4 27. f3 Kg7 28. c3 h6 29. Ra1 a6 30. Kb3 Rc6 31. c4 Nf6 32. Nf2 b5 33. cxb5 axb5 34. Ra5 Nd5 35. Ne4 b4 36. Ra7 g5 37. Rd7 Nf6 38. Nxf6 Kxf6 39. Kxb4 Rc2 40. h3 Rh2 41. Kc4 Rxh3 42. Rd3 h5 43. gxh5 Rxh5 44. Re3 Rh4+ 45. Kd3 Rf4 46. Ke2 Kf5 47. Ra3 g4 48. Ra5+ e5 49. fxg4+ Rxg4 50. Kf3 f6 51. Ra6 Rb4 52. Ra3 Kg5 0-1

[Event "CRO-chT U20 29th"]
[Site "Cakovec"]
[Date "2020.07.17"]
[Round "7.4"]
[White "Kanizaj, Benjamin"]
[Black "Radenic, Filip"]
[Result "1-0"]
[WhiteElo "1983"]
[BlackElo "2134"]
[PlyCount "81"]
[EventDate "2020.07.14"]
[EventType "team-tourn"]
[EventRounds "11"]
[EventCountry "CRO"]
[SourceTitle "CBM 197 Extra"]
[Source "ChessBase"]
[SourceDate "2020.09.30"]
[SourceVersion "1"]
[SourceVersionDate "2020.09.30"]
[SourceQuality "1"]
[WhiteTeam "Strigova Stridon U20"]
[BlackTeam "Rijeka Junior U20"]
[WhiteTeamCountry "CRO"]
[BlackTeamCountry "CRO"]

1. e4 e6 2. d4 d5 3. Nd2 c5 4. exd5 Qxd5 5. Ngf3 cxd4 6. Bc4 Qd6 7. 0-0 Nf6 8. Nb3 Nc6 9. Nbxd4 Nxd4 10. Nxd4 Bd7 11. Re1 Qc7 12. Bf1 Bd6 13. g3 0-0 14. Bg5 Be5 15. c3 Nd5 16. Bg2 Bf6 17. Bxf6 Nxf6 18. Qe2 Rfd8 19. Rad1 Be8 20. c4 Qb6 21. Nb5 Bxb5 22. cxb5 h6 23. a4 Rac8 24. Rxd8+ Rxd8 25. Rd1 Nd5 26. Bxd5 exd5 27. Rxd5 Rxd5 28. Qe8+ Kh7 29. Qe4+ Kg8 30. Qxd5 Qc7 31. b3 Qe7 32. Kg2 Qc7 33. Qc4 Qd7 34. a5 Qd8 35. a6 bxa6 36. bxa6 Qa8+ 37. Kg1 Qf3 38. Qc8+ Kh7 39. Qb7 Qe2 40. b4 h5 41. h4 1-0

[Event "CRO-chT U20 29th"]
[Site "Cakovec"]
[Date "2020.07.15"]
[Round "4.3"]
[White "Simunic, Krunoslav"]
[Black "Kanizaj, Benjamin"]
[Result "0-1"]
[WhiteElo "2047"]
[BlackElo "1983"]
[PlyCount "112"]
[EventDate "2020.07.14"]
[EventType "team-tourn"]
[EventRounds "11"]
[EventCountry "CRO"]
[SourceTitle "CBM 197 Extra"]
[Source "ChessBase"]
[SourceDate "2020.09.30"]
[SourceVersion "1"]
[SourceVersionDate "2020.09.30"]
[SourceQuality "1"]
[WhiteTeam "Split Mornar U20"]
[BlackTeam "Strigova Stridon U20"]
[WhiteTeamCountry "CRO"]
[BlackTeamCountry "CRO"]

1. d4 d5 2. c4 c6 3. Nc3 Nf6 4. Nf3 e6 5. Bg5 Nbd7 6. e3 Qa5 7. Nd2 dxc4 8. Bxf6 Nxf6 9. Nxc4 Qc7 10. Rc1 Be7 11. Bd3 0-0 12. 0-0 Rd8 13. Qf3 c5 14. Rfd1 Bd7 15. Ne5 cxd4 16. exd4 Rac8 17. g4 Bc6 18. Qf4 Bd6 19. Nb5 Nd5 20. Qf3 Qe7 21. Nxa7 Bxe5 22. dxe5 Nb4 23. Nxc8 Rxc8 24. Be4 Nxa2 25. Rc4 Nb4 26. Qa3 Qg5 27. Bxc6 Nxc6 28. Qe3 Qg6 29. Qd3 Qg5 30. Qe3 Qg6 31. b4 b5 32. Rf4 Qg5 33. Rc1 Qd8 34. Rc5 Ne7 35. Rxc8 Qxc8 36. Qc5 Qd7 37. Qd6 Qe8 38. Rf3 Nd5 39. Ra3 g6 40. Ra7 Qc8 41. Qc5 Qb8 42. Rd7 Qa8 43. Qxb5 Qa1+ 44. Kg2 Qxe5 45. Rd8+ Kg7 46. Qc5 Qe4+ 47. Kg3 Qf4+ 48. Kg2 Qxg4+ 49. Kf1 Qd1+ 50. Kg2 Qg4+ 51. Kf1 Qd1+ 52. Kg2 Nf4+ 53. Kg3 Nh5+ 54. Kg2 Qxd8 55. b5 Qd5+ 56. Qxd5 Nf4+ 0-1

[Event "Podturen Mavrin Memorial 8th"]
[Site "Podturen"]
[Date "2020.01.06"]
[Round "7"]
[White "Florjan, Mladen"]
[Black "Kanizaj, Benjamin"]
[Result "1/2-1/2"]
[WhiteElo "1979"]
[BlackElo "1911"]
[PlyCount "59"]
[EventDate "2020.01.03"]
[EventType "swiss"]
[EventRounds "7"]
[EventCountry "CRO"]
[SourceTitle "CBM 194 Extra"]
[Source "ChessBase"]
[SourceDate "2020.03.31"]
[SourceVersion "1"]
[SourceVersionDate "2020.03.31"]
[SourceQuality "1"]

1. Nf3 d5 2. g3 Bg4 3. Ne5 Bf5 4. d4 Nd7 5. Bg2 Nxe5 6. dxe5 e6 7. 0-0 Ne7 8. e4 dxe4 9. Qe2 c6 10. Bxe4 Qc7 11. f4 Rd8 12. Nd2 h5 13. Nc4 Bg4 14. Bf3 Bxf3 15. Rxf3 Nf5 16. Be3 Rd5 17. Rd1 b5 18. Rxd5 cxd5 19. Nd6+ Bxd6 20. Qxb5+ Ke7 21. exd6+ Nxd6 22. Bc5 Rb8 23. Bxd6+ Qxd6 24. Qa5 Rxb2 25. Qxa7+ Kf8 26. Rb3 Rxb3 27. axb3 h4 28. Qa8+ Ke7 29. Qa7+ Kf8 30. Qa8+ 1/2-1/2

[Event "CRO-chT2 Center qual"]
[Site "Garesnica"]
[Date "2018.11.18"]
[Round "1.4"]
[White "Kanizaj, Benjamin"]
[Black "Horina, Miroslav"]
[Result "1/2-1/2"]
[WhiteElo "1921"]
[BlackElo "1925"]
[PlyCount "92"]
[EventDate "2018.11.18"]
[EventType "team-match"]
[EventRounds "2"]
[EventCountry "CRO"]
[SourceTitle "CBM 187 Extra"]
[Source "ChessBase"]
[SourceDate "2018.11.04"]
[SourceVersion "1"]
[SourceVersionDate "2018.11.04"]
[SourceQuality "1"]
[WhiteTeam "Strigova Stridon II"]
[BlackTeam "Garesnica"]
[WhiteTeamCountry "CRO"]
[BlackTeamCountry "CRO"]

1. e4 e5 2. Nf3 Nc6 3. d4 exd4 4. Nxd4 Bc5 5. Nb3 Bb6 6. Nc3 Nf6 7. Qe2 d6 8. f3 Be6 9. Be3 Qe7 10. 0-0-0 0-0-0 11. Kb1 Bxb3 12. axb3 Bxe3 13. Qxe3 d5 14. Nb5 Kb8 15. Bd3 Rhe8 16. Qf4 dxe4 17. Rhe1 Qe5 18. Qxe5 Rxe5 19. fxe4 Nxe4 20. Bxe4 Rxd1+ 21. Rxd1 Rxe4 22. Kc1 Kc8 23. Rf1 f6 24. Rd1 a6 25. Nc3 Re5 26. Rd3 Re7 27. Kd2 Ne5 28. Rd4 c6 29. h3 Ng6 30. Ne2 Kc7 31. Ng3 Rf7 32. Nf5 Ne7 33. Nd6 Rf8 34. Ne4 g6 35. Ng3 f5 36. Ne2 g5 37. h4 h6 38. c3 Rf6 39. Ng3 Ng8 40. Nh5 Rd6 41. Ng7 Rxd4+ 42. cxd4 f4 43. Kd3 Kd6 44. Ke4 Ke7 45. hxg5 hxg5 46. Kf5 Kf7 1/2-1/2

[Event "Bjelovar op"]
[Site "Bjelovar"]
[Date "2018.08.04"]
[Round "6"]
[White "Ivekovic, Bozidar1111"]
[Black "Kanizaj, Benjamin"]
[Result "1-0"]
[WhiteElo "2369"]
[BlackElo "1883"]
[PlyCount "121"]
[EventDate "2018.08.02"]
[EventType "swiss"]
[EventRounds "7"]
[EventCountry "CRO"]
[SourceTitle "CBM 185 Extra"]
[Source "ChessBase"]
[SourceDate "2018.07.29"]
[SourceVersion "1"]
[SourceVersionDate "2018.07.29"]
[SourceQuality "1"]

1. d4 d5 2. Nf3 c6 3. c4 Nf6 4. g3 Bg4 5. Ne5 Bf5 6. Bg2 e6 7. 0-0 Nbd7 8. cxd5 exd5 9. Nc3 Be7 10. Qb3 Qb6 11. Qxb6 axb6 12. Nxd7 Nxd7 13. f3 Bf6 14. Be3 b5 15. g4 Be6 16. a3 Nb6 17. Rad1 Be7 18. Bc1 b4 19. axb4 Bxb4 20. h3 0-0 21. Rf2 Nc4 22. e4 Ra1 23. Rff1 Re8 24. Rfe1 Rea8 25. Bf1 Bxc3 26. bxc3 b5 27. Bxc4 bxc4 28. Bf4 R1a3 29. Rc1 Rb3 30. Bd6 h6 31. Rc2 g5 32. Kf2 Kg7 33. Kg3 f6 34. exd5 Bxd5 35. f4 Rb7 36. h4 Rf7 37. Rf2 Rd8 38. Bb4 Rdd7 39. Re8 gxh4+ 40. Kxh4 f5 41. gxf5 Rxf5 42. Rf1 Rdf7 43. Bd6 Kh7 44. Rg1 h5 45. Be5 Rf8 46. Rg7+ Kh6 47. Rxf8 Rxf8 48. Rg5 Rf7 49. Rxh5+ Kg6 50. Rg5+ Kh7 51. f5 Bf3 52. Kg3 Bd1 53. Kf4 Kh6 54. Rg1 Bh5 55. Rh1 Rf8 56. Bg7+ Kxg7 57. Rxh5 Rc8 58. Kg5 c5 59. f6+ Kf7 60. Rh7+ Ke6 61. Re7+ 1-0

[Event "Nedelisce Medjimurja op"]
[Site "Nedelisce"]
[Date "2018.06.25"]
[Round "6"]
[White "Kanizaj, Benjamin"]
[Black "Zadravec, Stjepan"]
[Result "1/2-1/2"]
[WhiteElo "1891"]
[BlackElo "1918"]
[PlyCount "58"]
[EventDate "2018.06.22"]
[EventType "swiss"]
[EventRounds "7"]
[EventCountry "CRO"]
[SourceTitle "EXT 2019"]
[Source "ChessBase"]
[SourceDate "2018.10.10"]
[SourceVersion "1"]
[SourceVersionDate "2018.10.10"]
[SourceQuality "1"]

1. e4 e5 2. Nf3 Nf6 3. Nxe5 d6 4. Nf3 Nxe4 5. d4 Be7 6. Bd3 Nf6 7. 0-0 0-0 8. h3 Re8 9. Re1 Nbd7 10. Nbd2 Nf8 11. Nf1 Ng6 12. Ng3 Bd7 13. c4 b6 14. d5 c5 15. b3 a6 16. a4 Bf8 17. Bb2 Rxe1+ 18. Qxe1 Be7 19. Qd2 Ne8 20. Re1 Bf6 21. Nf5 Bxb2 22. Qxb2 Bxf5 23. Bxf5 Nf6 24. Qe2 Kf8 25. Ng5 Ra7 26. Qf3 Re7 27. Rxe7 Qxe7 28. Nxh7+ Nxh7 29. Bxg6 Nf6 1/2-1/2

[Event "Nedelisce Medjimurja op"]
[Site "Nedelisce"]
[Date "2018.06.23"]
[Round "2"]
[White "Kanizaj, Benjamin"]
[Black "Spilek, Kristina"]
[Result "1-0"]
[WhiteElo "1891"]
[BlackElo "1429"]
[PlyCount "51"]
[EventDate "2018.06.22"]
[EventType "swiss"]
[EventRounds "7"]
[EventCountry "CRO"]
[SourceTitle "EXT 2019"]
[Source "ChessBase"]
[SourceDate "2018.10.10"]
[SourceVersion "1"]
[SourceVersionDate "2018.10.10"]
[SourceQuality "1"]

1. e4 e6 2. d4 d5 3. Nd2 dxe4 4. Nxe4 Nd7 5. Nf3 Ngf6 6. Bd3 Be7 7. 0-0 0-0 8. c4 b6 9. b3 Bb7 10. Qc2 Nxe4 11. Bxe4 Bxe4 12. Qxe4 Nf6 13. Qc2 h6 14. Bb2 c5 15. Rfd1 Qc7 16. Rd3 Rfd8 17. Rad1 cxd4 18. Nxd4 a6 19. Qe2 Kh8 20. h3 Bc5 21. a3 Bxd4 22. Bxd4 Nd7 23. Qg4 Rg8 24. Qh4 Kh7 25. Bxg7 Rxg7 26. Qe4+ 1-0

[Event "CRO-chT U20 26th"]
[Site "Sv Filip i Jakov"]
[Date "2018.04.07"]
[Round "9.3"]
[White "Starcevic, Ante Leon"]
[Black "Kanizaj, Benjamin"]
[Result "1-0"]
[WhiteElo "2148"]
[BlackElo "1940"]
[PlyCount "45"]
[EventDate "2018.04.03"]
[EventType "team-swiss"]
[EventRounds "11"]
[EventCountry "CRO"]
[SourceTitle "CBM 184 Extra"]
[Source "ChessBase"]
[SourceDate "2018.06.28"]
[SourceVersion "1"]
[SourceVersionDate "2018.06.28"]
[SourceQuality "1"]

1. d4 d5 2. c4 c6 3. Nf3 Nf6 4. e3 e6 5. b3 Bd6 6. Bb2 0-0 7. Bd3 Nbd7 8. 0-0 Re8 9. Ne5 c5 10. f4 cxd4 11. exd4 dxc4 12. bxc4 a6 13. Nd2 Qb6 14. Rb1 Be7 15. c5 Qc7 16. Rf3 Nf8 17. Qe2 Bd7 18. Ndc4 Rad8 19. Bc3 Qb8 20. c6 Bc8 21. c7 Qxc7 22. Ba5 Qb8 23. Nc6 1-0

[Event "CRO-chT U20 26th"]
[Site "Sv Filip i Jakov"]
[Date "2018.04.04"]
[Round "4.3"]
[White "Kanizaj, Benjamin"]
[Black "Cavlovic, Viktor"]
[Result "1-0"]
[WhiteElo "1940"]
[BlackElo "1742"]
[PlyCount "81"]
[EventDate "2018.04.03"]
[EventType "team-swiss"]
[EventRounds "11"]
[EventCountry "CRO"]
[SourceTitle "CBM 184 Extra"]
[Source "ChessBase"]
[SourceDate "2018.06.28"]
[SourceVersion "1"]
[SourceVersionDate "2018.06.28"]
[SourceQuality "1"]

1. e4 c6 2. d4 d5 3. e5 Bf5 4. Nc3 e6 5. g4 Bg6 6. Nge2 Nd7 7. Nf4 Qb6 8. h4 h5 9. Nxg6 fxg6 10. Bd3 Ne7 11. a4 0-0-0 12. Be3 Nxe5 13. a5 Qc7 14. dxe5 d4 15. Ne4 dxe3 16. Nd6+ Kb8 17. c4 exf2+ 18. Kxf2 Nc8 19. c5 Bxd6 20. exd6 Qf7+ 21. Qf3 Qxf3+ 22. Kxf3 Ne7 23. Rae1 Nd5 24. Rxe6 g5 25. gxh5 Rxh5 26. Bg6 Rxh4 27. Rxh4 gxh4 28. Kg4 h3 29. Kg3 h2 30. Be4 Rh8 31. Bh1 Kc8 32. Re2 Kd7 33. Bxd5 cxd5 34. Rxh2 Rxh2 35. Kxh2 d4 36. Kg3 b6 37. axb6 axb6 38. b4 g5 39. Kf3 bxc5 40. bxc5 d3 41. Ke3 1-0

[Event "Podturen Mavrin Memorial 6th"]
[Site "Podturen"]
[Date "2018.01.06"]
[Round "4"]
[White "Srsan, Matija"]
[Black "Kanizaj, Benjamin"]
[Result "0-1"]
[WhiteElo "1947"]
[BlackElo "1901"]
[PlyCount "54"]
[EventDate "2018.01.04"]
[EventType "swiss"]
[EventRounds "7"]
[EventCountry "CRO"]
[SourceTitle "CBM 182 Extra"]
[Source "ChessBase"]
[SourceDate "2018.02.23"]
[SourceVersion "1"]
[SourceVersionDate "2018.02.23"]
[SourceQuality "1"]

1. e4 c5 2. Nf3 d6 3. d4 cxd4 4. Nxd4 Nf6 5. Nc3 e6 6. Be3 Nc6 7. Be2 Be7 8. Qd2 a6 9. 0-0-0 Qc7 10. f4 0-0 11. Bf3 Bd7 12. Nce2 Rac8 13. g4 Nxd4 14. Nxd4 Bc6 15. Qd3 d5 16. e5 Nd7 17. h4 Bb4 18. h5 Nc5 19. Qe2 Bb5 20. Qh2 Nd3+ 21. Kb1 Nxb2 22. Kxb2 Qc3+ 23. Kb1 Qxe3 24. Nxb5 axb5 25. Rd3 Qc5 26. Rb3 Ra8 27. Rc1 Bc3 0-1

[Event "Podturen Mavrin Memorial 6th"]
[Site "Podturen"]
[Date "2018.01.05"]
[Round "2"]
[White "Suta, Andraz"]
[Black "Kanizaj, Benjamin"]
[Result "1-0"]
[WhiteElo "2207"]
[BlackElo "1901"]
[PlyCount "65"]
[EventDate "2018.01.04"]
[EventType "swiss"]
[EventRounds "7"]
[EventCountry "CRO"]
[SourceTitle "CBM 182 Extra"]
[Source "ChessBase"]
[SourceDate "2018.02.23"]
[SourceVersion "1"]
[SourceVersionDate "2018.02.23"]
[SourceQuality "1"]

1. e4 c5 2. Nf3 d6 3. d4 cxd4 4. Nxd4 Nf6 5. Nc3 e6 6. Bc4 Nc6 7. Bb3 Be7 8. 0-0 a6 9. Be3 Qc7 10. f4 0-0 11. Qf3 b5 12. e5 Nxd4 13. Bxd4 Bb7 14. exf6 Bxf3 15. fxe7 Qxe7 16. Rxf3 d5 17. Rg3 g6 18. Nd1 Qc7 19. Ne3 Qxf4 20. c3 h5 21. Rf1 Qc7 22. Bf6 a5 23. Kh1 a4 24. Bc2 Rae8 25. Rh3 Qc6 26. Ng4 Qc4 27. Nh6+ Kh7 28. Bd3 Kxh6 29. Bxc4 bxc4 30. g4 Rg8 31. g5+ Kh7 32. Be5 Re7 33. Rf6 1-0

[Event "Bjelovar op"]
[Site "Bjelovar"]
[Date "2017.08.03"]
[Round "1"]
[White "Kanizaj, Benjamin"]
[Black "Srbis, Jurica"]
[Result "0-1"]
[WhiteElo "1767"]
[BlackElo "2417"]
[PlyCount "84"]
[EventDate "2017.08.03"]
[EventType "swiss"]
[EventRounds "7"]
[EventCountry "CRO"]
[SourceTitle "CBM 180 Extra"]
[Source "ChessBase"]
[SourceDate "2017.10.06"]
[SourceVersion "1"]
[SourceVersionDate "2017.10.06"]
[SourceQuality "1"]

1. e4 c5 2. Nf3 g6 3. d4 cxd4 4. Nxd4 Nc6 5. Be3 Nf6 6. Nc3 Bg7 7. Bc4 0-0 8. f3 Qb6 9. Qd2 Nxe4 10. Nxe4 Bxd4 11. Bxd4 Qxd4 12. Qxd4 Nxd4 13. 0-0-0 Nc6 14. Rhe1 d6 15. Nc3 Rd8 16. Nb5 a6 17. Nd4 Nxd4 18. Rxd4 b5 19. Bb3 Ra7 20. a4 e6 21. c4 bxc4 22. Bxc4 d5 23. Kd2 Bd7 24. Bd3 Rb8 25. Rb1 a5 26. Bc2 Rab7 27. Kc3 Bc6 28. f4 f6 29. Re1 Kf7 30. b3 Ke7 31. h4 Kd6 32. Rd2 e5 33. fxe5+ fxe5 34. Rf2 Re7 35. g4 Rb4 36. Rf6+ Re6 37. Rf7 Rxg4 38. Rxh7 d4+ 39. Kd2 e4 40. Ra7 Re5 41. Rf1 Rg2+ 42. Kc1 Rc5 0-1

[Event "CRO-ch U17"]
[Site "Vinkovci"]
[Date "2017.07.25"]
[Round "2"]
[White "Kanizaj, Benjamin"]
[Black "Ghersinich, Enrico"]
[Result "1/2-1/2"]
[WhiteElo "1767"]
[BlackElo "2165"]
[PlyCount "116"]
[EventDate "2017.07.24"]
[EventType "swiss"]
[EventRounds "9"]
[EventCountry "CRO"]
[SourceTitle "EXT 2018"]
[Source "ChessBase"]
[SourceDate "2017.10.13"]
[SourceVersion "1"]
[SourceVersionDate "2017.10.13"]
[SourceQuality "1"]

1. e4 c5 2. Nf3 d6 3. d4 cxd4 4. Nxd4 Nf6 5. Nc3 g6 6. Be3 Bg7 7. f3 0-0 8. Bc4 Nc6 9. Qd2 Bd7 10. 0-0-0 Rc8 11. Bb3 Nxd4 12. Bxd4 b5 13. Nd5 Nxd5 14. Bxg7 Kxg7 15. Bxd5 a5 16. h4 e6 17. h5 g5 18. Bb7 Rb8 19. Qc3+ f6 20. Bc6 b4 21. Qc4 Rc8 22. Rxd6 Qc7 23. h6+ Kf7 24. Rhd1 Rfd8 25. b3 Kg6 26. Rxd7 Rxd7 27. Rxd7 Qxc6 28. Qxc6 Rxc6 29. Ra7 Rc5 30. Ra6 Re5 31. Kd2 Kxh6 32. c4 bxc3+ 33. Kxc3 Kh5 34. g3 Kg6 35. Kd4 h5 36. f4 Rb5 37. Rxe6 Kf7 38. Rc6 h4 39. gxh4 gxh4 40. f5 Kg7 41. Ke3 Rb4 42. Rc4 Kh6 43. Kf4 h3 44. Rc3 a4 45. Rxh3+ Kg7 46. Rc3 axb3 47. axb3 Kf7 48. Rc7+ Ke8 49. Rc6 Kf7 50. Rc3 Ke7 51. Rc7+ Kf8 52. Rc4 Rxb3 53. e5 fxe5+ 54. Kxe5 Rb6 55. Rc7 Ra6 56. Kf4 Rb6 57. Kg5 Ra6 58. f6 Ra1 1/2-1/2

[Event "CRO-chT3 Centar-B"]
[Site "Croatia"]
[Date "2017.05.21"]
[Round "5.2"]
[White "Strahija, Josip"]
[Black "Kanizaj, Benjamin"]
[Result "1/2-1/2"]
[WhiteElo "1619"]
[BlackElo "1808"]
[PlyCount "50"]
[EventDate "2017.04.02"]
[EventType "team-tourn"]
[EventRounds "9"]
[EventCountry "CRO"]
[SourceTitle "EXT 2019"]
[Source "ChessBase"]
[SourceDate "2018.10.10"]
[SourceVersion "1"]
[SourceVersionDate "2018.10.10"]
[SourceQuality "1"]

1. d4 d5 2. c4 c6 3. Nc3 Nf6 4. e3 e6 5. Nf3 Bd6 6. Qc2 0-0 7. Bd3 Nbd7 8. 0-0 Re8 9. e4 dxe4 10. Nxe4 Nxe4 11. Bxe4 Nf6 12. Bd3 c5 13. dxc5 Bxc5 14. Bg5 h6 15. Bh4 a5 16. Rac1 Qe7 17. Ne5 g5 18. Bg3 Kg7 19. Kh1 Nh5 20. Qe2 Nxg3+ 21. fxg3 f6 22. Qh5 f5 23. Qg6+ Kf8 24. Qxh6+ Qg7 25. Qxg7+ Kxg7 1/2-1/2

[Event "CRO-chT3 Centar-B"]
[Site "Croatia"]
[Date "2017.05.14"]
[Round "4.4"]
[White "Kanizaj, Benjamin"]
[Black "Strukelj, Zlatko"]
[Result "0-1"]
[WhiteElo "1808"]
[BlackElo "1767"]
[PlyCount "136"]
[EventDate "2017.04.02"]
[EventType "team-tourn"]
[EventRounds "9"]
[EventCountry "CRO"]
[SourceTitle "EXT 2019"]
[Source "ChessBase"]
[SourceDate "2018.10.10"]
[SourceVersion "1"]
[SourceVersionDate "2018.10.10"]
[SourceQuality "1"]

1. e4 d6 2. d4 g6 3. f4 Bg7 4. Be3 Nf6 5. Nc3 0-0 6. Nf3 Na6 7. Be2 c5 8. 0-0 Ng4 9. Qd2 Nb4 10. Nd5 Nxd5 11. exd5 Nxe3 12. Qxe3 cxd4 13. Qb3 Qc7 14. Rfe1 Kh8 15. Bd3 e5 16. fxe5 dxe5 17. Qa3 Rd8 18. d6 Qxd6 19. Qxd6 Rxd6 20. Nxe5 Bxe5 21. Rxe5 Be6 22. Rc5 Rc6 23. Rb5 Rb8 24. Be4 Rc7 25. Rd1 Bc4 26. Ra5 b6 27. Ra4 f5 28. Bd3 b5 29. Ra5 Rd8 30. b3 Bxd3 31. cxd3 b4 32. Ra4 Rb8 33. Rd2 Rbb7 34. Kf2 Rc5 35. Ra6 Rd7 36. Re6 Kg7 37. Re8 Kf7 38. Rb8 a5 39. Rb6 g5 40. h4 gxh4 41. Rh6 Kg7 42. Rxh4 Kg6 43. Rh3 f4 44. g3 fxg3+ 45. Rxg3+ Rg5 46. Rxg5+ Kxg5 47. Kf3 Re7 48. Rg2+ Kf5 49. Rh2 Re3+ 50. Kf2 Rxd3 51. Rh5+ Kg4 52. Rxa5 h5 53. Ra8 Rd2+ 54. Ke1 Rb2 55. Rd8 Kf3 56. Rf8+ Ke3 57. Re8+ Kd3 58. Rh8 Rxa2 59. Rxh5 Re2+ 60. Kd1 Re3 61. Rc5 Rh3 62. Kc1 Ke2 63. Re5+ Re3 64. Rd5 d3 65. Rd4 Re7 66. Rd5 Rc7+ 67. Kb1 d2 68. Re5+ Kf3 0-1

[Event "CRO-chT3 Centar-B"]
[Site "Croatia"]
[Date "2017.04.02"]
[Round "1.4"]
[White "Kanizaj, Benjamin"]
[Black "Ivancic, Dario"]
[Result "1-0"]
[WhiteElo "1808"]
[BlackElo "1758"]
[PlyCount "69"]
[EventDate "2017.04.02"]
[EventType "team-tourn"]
[EventRounds "9"]
[EventCountry "CRO"]
[SourceTitle "EXT 2019"]
[Source "ChessBase"]
[SourceDate "2018.10.10"]
[SourceVersion "1"]
[SourceVersionDate "2018.10.10"]
[SourceQuality "1"]

1. e4 d6 2. d4 Nf6 3. Nc3 g6 4. f4 Bg7 5. Nf3 0-0 6. Bd3 a6 7. 0-0 b5 8. e5 Nfd7 9. Qe2 Nb6 10. Ng5 e6 11. Qf3 d5 12. g4 h6 13. h4 f6 14. Bxg6 fxg5 15. hxg5 Qe7 16. f5 exf5 17. gxf5 Bxe5 18. dxe5 Qxe5 19. gxh6 Nc6 20. Bf4 Qd4+ 21. Be3 Qh4 22. Bxb6 Qg5+ 23. Qg2 Qxg2+ 24. Kxg2 cxb6 25. Nxd5 Bb7 26. Kg3 Nd4 27. Ne7+ Kh8 28. Rad1 Rad8 29. Kg4 Nxc2 30. Kg5 Nd4 31. h7 Nf3+ 32. Kh6 Ne5 33. Bh5 Rd6+ 34. Ng6+ Nxg6 35. fxg6 1-0